Psychological Experiments #1 - Statistics

General Stats
  • This quiz has been taken 54 times
  • The average score is 3 of 9
Answer Stats
Hint Answer % Correct
Father of Classical Conditioning Pavlov
81%
Name of the child in a classical conditioning experiment involving a rat Albert
66%
Prison experiment lead by Zimbardo Stanford Prison
51%
Experiment involving children and acts of aggression Bobo Doll
45%
Scientist who experimented with conformity Asch
36%
Study on obedience involving electrical shocks Milgram Experiment
15%
Location of the syphilis experiment - US Tuskegee
13%
Location of the syphilis experiment - World Guatemala
6%
Experiment involving a cognitive bias based on temperament Halo Effect
2%
No matching quizzes found
Score Distribution
Percent of People with Each Score
Percentile by Number Answered
Your Score History
You have not taken this quiz